Llwytho...

Annual Convocation 1989 : Handbook of Research Activities 1988-89

Manylion Llyfryddiaeth
Fformat: Printed Book
Iaith:English
Cyhoeddwyd: New Delhi Delhi University 1989
Pynciau:
LEADER 00668nam a2200253 a 4500
001 adlib96000001
003 ViArRB
005 20151026131721.0
008 960221s1955 dcuabcdjdbkoqu001 0deng d
020
022
040 |a Adlib 
082 |a 378.4(545.5) 
245 |a Annual Convocation 1989 : Handbook of Research Activities 1988-89 
250
260 |a New Delhi  |b Delhi University  |c 1989 
300 |a vii, 332p. 
500 |a   
100
700
942 |c REF  |6 _ 
653 |a Education, Higher 
999 |c 33531  |d 33531 
952 |0 0  |1 0  |4 0  |6 37845455_UNI  |7 0  |9 45185  |a UL  |b UL  |d 2010-06-16  |o 378.4(545.5) UNI  |p G0004450  |r 2010-06-16  |w 2010-06-16  |y REF